[Event "Mondiale Lampo FIDE 2019"]
[Site "Mosca"]
[Date "29.12.2019"]
[Round "7.52"]
[White "Shimanov, Aleksandr"]
[Black "Frolyanov, Dmitry"]
[Result "1-0"]
[WhiteTitle "GM"]
[BlackTitle "GM"]
[WhiteElo "2587"]
[BlackElo "2556"]
[WhiteFideId "4198603"]
[BlackFideId "4151976"]
[EventDate "2019.12.29"]

1. Nf3 d5 2. e3 Nf6 3. c4 e6 4. b3 Be7 5. Bb2 O-O 6. Nc3 c5 7. cxd5 exd5 8. d4
Ne4 9. Bd3 Qa5 10. O-O Nxc3 11. Qd2 cxd4 12. Nxd4 Bb4 13. a3 Ne4 14. Qxb4 Qxb4
15. axb4 Nc6 16. Nc2 Be6 17. b5 Nc5 18. Be2 Ne7 19. Nd4 Nf5 20. Ra3 Nxd4 21.
Bxd4 b6 22. Rfa1 Rfc8 23. b4 Ne4 24. f3 Nd6 25. Rxa7 Rxa7 26. Rxa7 Nc4 27. Kf2
h6 28. g4 Kf8 29. h4 Kg8 30. Kg3 Kf8 31. Bd3 Kg8 32. f4 f6 33. g5 hxg5 34. hxg5
Rf8 35. gxf6 gxf6 36. Rc7 Rf7 37. Rc6 Bd7 38. Rxf6 Rxf6 39. Bxf6 Bxb5 40. Bd4
Kf7 41. Kf2 Bd7 42. Bxc4 dxc4 43. e4 b5 44. f5 Be8 45. Ke3 Ke7 46. e5 Bh5 47.
Bc5+ Kf7 48. e6+ Kf6 49. Kf4 Be2 50. Bd4+ Ke7 51. Ke5 1-0

[Event "Mondiale Lampo FIDE 2019"]
[Site "Mosca"]
[Date "29.12.2019"]
[Round "7.53"]
[White "Yanchenko, Roman"]
[Black "Adhiban, Baskaran"]
[Result "1/2-1/2"]
[WhiteTitle "FM"]
[BlackTitle "GM"]
[WhiteElo "2463"]
[BlackElo "2654"]
[WhiteFideId "4137329"]
[BlackFideId "5018471"]
[EventDate "2019.12.29"]

1. d4 Nf6 2. c4 Nc6 3. Nf3 e6 4. e3 Bb4+ 5. Bd2 a5 6. Bd3 d6 7. a3 Bxd2+ 8. Qxd2
Qe7 9. Nc3 O-O 10. O-O e5 11. Nd5 Nxd5 12. cxd5 e4 13. Bxe4 Qxe4 14. dxc6 bxc6
15. Rfc1 Bd7 16. Qc2 Qxc2 17. Rxc2 Rfb8 18. Nd2 Ra6 19. a4 Kf8 20. f3 Ke7 21.
Kf2 Rb4 22. b3 Be6 23. Rc3 Rab6 24. Ra3 f5 25. g3 g5 26. Ke2 f4 27. Kd3 fxg3 28.
hxg3 h5 29. Ke2 h4 30. Kf2 Kd7 31. g4 Rb8 32. Kg2 Rf8 33. Ra1 Rfb8 34. Ra3 Bd5
35. Rd3 Ke7 36. e4 Be6 37. d5 cxd5 38. exd5 Bf7 39. Nc4 Ra8 40. Ra1 Kf6 41. Re1
Bg8 42. Kh3 Bf7 43. Re4 Bg6 44. Re6+ Kg7 45. Rde3 Bf7 46. Re7 Kf6 47. Rxc7 Bxd5
48. Nxd6 Rxb3 49. Rxb3 Bxb3 50. Ne4+ Ke5 51. Rc5+ Kf4 52. Rf5+ Ke3 53. Nc5 Bd1
54. Rxg5 Rh8 55. Rh5 Rc8 56. Kxh4 Bxf3 57. Nb3 Rc4 58. Re5+ Kf2 59. Rg5 Rxa4 60.
Nxa5 Ra1 61. Rf5 Ra4 62. Rg5 Bxg4 63. Rxg4 Rxa5 1/2-1/2

[Event "Mondiale Lampo FIDE 2019"]
[Site "Mosca"]
[Date "29.12.2019"]
[Round "7.54"]
[White "Guseinov, Gadir"]
[Black "Novikov, Stanislav"]
[Result "1-0"]
[WhiteTitle "GM"]
[BlackTitle "GM"]
[WhiteElo "2666"]
[BlackElo "2531"]
[WhiteFideId "13401378"]
[BlackFideId "4125371"]
[EventDate "2019.12.29"]

1. e4 g6 2. d4 Bg7 3. Nc3 c6 4. Nf3 b5 5. Bd3 d6 6. O-O Qc7 7. Re1 Bg4 8. Be3
Nd7 9. h3 Bxf3 10. Qxf3 a6 11. a4 b4 12. Na2 a5 13. c3 bxc3 14. Nxc3 e5 15. d5
c5 16. Bb5 Ne7 17. Bg5 Kf8 18. Bc6 Nxc6 19. dxc6 Qxc6 20. Rad1 h6 21. Bh4 g5 22.
Bg3 Kg8 23. Nb5 Bf8 24. h4 Rh7 25. Rd2 Rg7 26. h5 Re8 27. Red1 Re6 28. Nc3 Nb6
29. b3 Qb7 30. Qd3 Nc8 31. Nb5 Be7 32. Qc3 Qb6 33. Rd3 Rf6 34. Qc2 Kh8 35. Nc3
Re6 36. Nd5 Qa7 37. Qd2 Rg8 38. f3 Rd8 39. Be1 Rd7 40. Qxa5 Qxa5 41. Bxa5 Bd8
42. Bc3 Rb7 43. Ne3 Rxb3 44. Bxe5+ 1-0

[Event "Mondiale Lampo FIDE 2019"]
[Site "Mosca"]
[Date "29.12.2019"]
[Round "7.55"]
[White "Antipov, Mikhail Al."]
[Black "Tran, Tuan Minh"]
[Result "1-0"]
[WhiteTitle "GM"]
[BlackTitle "GM"]
[WhiteElo "2549"]
[BlackElo "2529"]
[WhiteFideId "4107012"]
[BlackFideId "12401820"]
[EventDate "2019.12.29"]

1. e4 c5 2. Nf3 d6 3. d4 cxd4 4. Nxd4 Nf6 5. f3 e5 6. Nb3 Be6 7. c4 Be7 8. Be3
O-O 9. Be2 a5 10. Nc3 Nc6 11. O-O a4 12. Nd2 Qa5 13. Ndb1 Bd8 14. Kh1 Bb6 15.
Bd2 Bd4 16. Na3 Nd7 17. Nab5 Bc5 18. Be1 Ra6 19. Nxa4 Qxa4 20. b3 Qxa2 21. Rxa2
Rxa2 22. Bd3 Rfa8 23. Bb1 Rb2 24. Bc3 Rf2 25. Rxf2 Bxf2 26. Nxd6 Nc5 27. b4 Rd8
28. Bc2 b6 29. Qf1 Rxd6 30. Qxf2 Nd3 31. Qxb6 Bxc4 32. b5 Bxb5 33. Qxb5 h6 34.
Bxd3 1-0

[Event "Mondiale Lampo FIDE 2019"]
[Site "Mosca"]
[Date "29.12.2019"]
[Round "7.56"]
[White "Grigoriants, Sergey"]
[Black "Suleymanli, Aydin"]
[Result "0-1"]
[WhiteTitle "GM"]
[BlackTitle "IM"]
[WhiteElo "2542"]
[BlackElo "2473"]
[WhiteFideId "4130804"]
[BlackFideId "13413937"]
[EventDate "2019.12.29"]

1. e4 c6 2. d4 d5 3. Nc3 dxe4 4. Nxe4 Bf5 5. Ng3 Bg6 6. h4 h6 7. Bd3 Bxd3 8.
Qxd3 Nf6 9. N1e2 e6 10. Bd2 Be7 11. O-O-O O-O 12. Kb1 b5 13. Ne4 Nbd7 14. Nxf6+
Nxf6 15. f3 c5 16. Qxb5 cxd4 17. Ba5 Qd5 18. Qxd5 Nxd5 19. Nxd4 Bf6 20. g3 Rab8
21. Nb3 Rfc8 22. Rhe1 g5 23. hxg5 hxg5 24. Re4 Kg7 25. c4 Nb6 26. Bxb6 axb6 27.
Rd7 Kg6 28. Nd2 b5 29. b3 bxc4 30. Nxc4 Rh8 31. Rd1 Rh3 32. f4 Rxg3 33. fxg5
Rxg5 34. Rf1 Bg7 35. Nd6 Rf8 36. a4 Rg2 37. Nc4 Rd8 38. a5 Rd7 39. Re3 Rb7 40.
Ref3 f5 41. Re3 Kf6 42. Rfe1 Kg5 43. a6 Ra7 44. Rxe6 f4 45. Rb6 Bc3 46. Rf1 Bd4
47. Rd6 Bc3 48. Rd3 Bf6 49. Rd6 Bc3 50. Rc6 Bd4 51. Rd6 Bc3 52. Rf3 Bg7 53. Rb6
Bd4 54. Rd6 Bg7 55. Rf1 Bc3 56. Rb6 Bd4 57. Rd6 Bc3 58. Rc6 Bd4 59. Rd1 Bg7 60.
Rd2 Rg1+ 61. Kc2 f3 62. Rd5+ Kf4 63. Rd2 Rg2 64. Rc8 0-1

[Event "Mondiale Lampo FIDE 2019"]
[Site "Mosca"]
[Date "29.12.2019"]
[Round "7.58"]
[White "Esipenko, Andrey"]
[Black "Atabayev, Saparmyrat"]
[Result "1-0"]
[WhiteTitle "GM"]
[BlackTitle "IM"]
[WhiteElo "2642"]
[BlackElo "2425"]
[WhiteFideId "24175439"]
[BlackFideId "14000571"]
[EventDate "2019.12.29"]

1. d4 Nf6 2. c4 e6 3. Nf3 d5 4. g3 Be7 5. Bg2 O-O 6. O-O dxc4 7. Qc2 a6 8. a4
Bd7 9. Rd1 Bc6 10. Bg5 Be4 11. Qxc4 a5 12. Nc3 Bxf3 13. Bxf3 c6 14. e4 Nbd7 15.
Be3 Bb4 16. Qe2 Qe7 17. Na2 Rfd8 18. Bg2 h6 19. h3 Rac8 20. Rac1 Nb6 21. Qc2 Na8
22. Nxb4 Qxb4 23. Bd2 Qb6 24. Bc3 Nc7 25. g4 Na6 26. Qe2 Nb4 27. h4 Na2 28. Rb1
Ne8 29. g5 hxg5 30. hxg5 Nxc3 31. bxc3 Qc7 32. g6 fxg6 33. Rd3 Nf6 34. e5 Nd5
35. Qg4 Re8 36. Be4 Qe7 37. Qxg6 Qh4 38. Rf3 Nf4 39. Rxf4 Qxf4 40. Rxb7 Qc1+ 41.
Kg2 Qh6 42. Qxh6 gxh6 43. Ra7 c5 44. d5 exd5 45. Bxd5+ Kh8 46. f4 c4 47. Rxa5
Red8 48. Kf3 h5 49. Rb5 h4 50. Ke4 h3 51. Rb2 Rc7 52. Rh2 Rh7 53. a5 Rdd7 54. a6
Rdg7 55. Bb7 Rg8 56. e6 Rh4 57. a7 1-0

[Event "Mondiale Lampo FIDE 2019"]
[Site "Mosca"]
[Date "29.12.2019"]
[Round "7.59"]
[White "Khanin, Semen"]
[Black "Yuffa, Daniil"]
[Result "0-1"]
[WhiteTitle "IM"]
[BlackTitle "GM"]
[WhiteElo "2500"]
[BlackElo "2566"]
[WhiteFideId "4111990"]
[BlackFideId "24131423"]
[EventDate "2019.12.29"]

1. e4 c5 2. Nf3 d6 3. d4 cxd4 4. Nxd4 Nf6 5. Nc3 a6 6. f3 e6 7. Be3 b5 8. Qd2
Nbd7 9. g4 b4 10. Nce2 h6 11. O-O-O d5 12. exd5 Nxd5 13. Nf4 Nxe3 14. Qxe3 Qb6
15. Nd5 Qa7 16. Kb1 Bc5 17. Qe4 O-O 18. Nxe6 fxe6 19. Qxe6+ Kh8 20. Ne7 Bxe7 21.
Qxe7 Qb6 22. Bd3 Qc5 23. Qe4 Nf6 24. Qxa8 Bxg4 25. Qxa6 Bxf3 26. Rhf1 Bxd1 27.
Rxd1 Qe5 28. Qc4 Rb8 29. Rf1 Qxh2 30. b3 Qe5 31. Qf7 Qe8 32. Rxf6 Qe1+ 33. Kb2
Qc3+ 34. Kb1 Qxf6 35. Qc4 Qe5 36. Qg4 Qe1+ 37. Kb2 Qe5+ 38. Kb1 Qe1+ 39. Kb2
Qc3+ 40. Kb1 Re8 41. Be2 Qe1+ 42. Bd1 Rd8 43. Kc1 Qd2+ 0-1

[Event "Mondiale Lampo FIDE 2019"]
[Site "Mosca"]
[Date "29.12.2019"]
[Round "7.60"]
[White "Tsvetkov, Andrey"]
[Black "Utegaliyev, Azamat"]
[Result "0-1"]
[WhiteTitle "FM"]
[WhiteElo "2350"]
[BlackElo "2502"]
[WhiteFideId "34139360"]
[BlackFideId "13702467"]
[EventDate "2019.12.29"]

1. d4 Nf6 2. c4 g6 3. Nc3 Bg7 4. e4 d6 5. Be2 O-O 6. Be3 Nc6 7. d5 Ne5 8. h3 c6
9. Nf3 Nxf3+ 10. Bxf3 Nd7 11. O-O a6 12. Be2 cxd5 13. cxd5 b5 14. Bd4 Bxd4 15.
Qxd4 Qb6 16. Qxb6 Nxb6 17. a4 b4 18. a5 bxc3 19. axb6 cxb2 20. Ra2 Bb7 21. Rxb2
Rfc8 22. Ra1 Rc5 23. Ra4 Kg7 24. Rba2 Rc1+ 25. Kh2 Rb1 26. Bxa6 Rxb6 27. Bxb7
Rxa4 28. Rxa4 Rxb7 29. g4 Kf6 30. Kg3 g5 31. Ra8 e6 32. dxe6 fxe6 33. f3 d5 34.
exd5 exd5 35. Rd8 Ke6 36. h4 gxh4+ 37. Kxh4 Rd7 38. Rxd7 Kxd7 39. Kg5 Ke6 40.
Kf4 Kf6 41. Ke3 Kg5 42. Kf2 Kf4 43. Ke2 h6 44. Kf2 d4 45. Ke2 Kg3 46. Kd3 Kxf3 0-1

[Event "Mondiale Lampo FIDE 2019"]
[Site "Mosca"]
[Date "29.12.2019"]
[Round "7.61"]
[White "Kezin, Roman"]
[Black "Pogosyan, Stefan"]
[Result "0-1"]
[WhiteTitle "IM"]
[BlackTitle "IM"]
[WhiteElo "2470"]
[BlackElo "2459"]
[WhiteFideId "24124621"]
[BlackFideId "34159867"]
[EventDate "2019.12.29"]

1. d4 f5 2. Nf3 Nf6 3. g3 g6 4. Bg2 Bg7 5. O-O O-O 6. c4 d6 7. Nc3 Qe8 8. Nd5
Na6 9. Nxf6+ Bxf6 10. Bh6 Bg7 11. Bxg7 Kxg7 12. Re1 e5 13. dxe5 dxe5 14. e4 f4
15. Qd5 Nb4 16. Qd2 Nc6 17. Qc3 Bg4 18. Nd2 Qf7 19. f3 Be6 20. Rad1 Rad8 21. b4
Nd4 22. Kf2 Rd6 23. Nb3 Rfd8 24. Nc5 Rc6 25. Nxb7 Rb8 26. Nc5 a5 27. Rxd4 exd4
28. Qxd4+ Kg8 29. b5 Rd6 30. Qe5 fxg3+ 31. Kxg3 Bxc4 32. a4 Re8 33. Qf4 Qxf4+
34. Kxf4 Rd2 35. Kg3 Rc2 36. Bh3 Re7 37. Rd1 Be2 38. Rd8+ Kg7 39. Ne6+ Kh6 40.
Nd4 Rb2 41. Rc8 Bd1 42. Nc6 Rf7 43. Bg4 Bxa4 44. Ne5 Re7 45. Nd3 Rxb5 46. Ra8
Bd1 47. Nf2 Be2 48. Rd8 a4 49. h4 Rb3 50. Rg8 Rf7 51. Rc8 Bxf3 52. Bh3 Bxe4+ 53.
Kg4 Bf5+ 54. Kf4 Bxc8+ 0-1

[Event "Mondiale Lampo FIDE 2019"]
[Site "Mosca"]
[Date "29.12.2019"]
[Round "7.62"]
[White "Pigusov, Evgeny"]
[Black "Studer, Noel"]
[Result "1/2-1/2"]
[WhiteTitle "GM"]
[BlackTitle "GM"]
[WhiteElo "2555"]
[BlackElo "2546"]
[WhiteFideId "4100514"]
[BlackFideId "1319620"]
[EventDate "2019.12.29"]

1. Nf3 d5 2. g3 c5 3. Bg2 Nf6 4. O-O e6 5. d4 cxd4 6. Nxd4 e5 7. Nb3 Be6 8. Bg5
Nbd7 9. Nc3 h6 10. Bxf6 Nxf6 11. e4 d4 12. Ne2 Be7 13. c3 d3 14. Nec1 Bc4 15.
Nd2 Ba6 16. a4 Qc7 17. b4 b6 18. b5 Bb7 19. Na2 O-O 20. Qb3 Rac8 21. Rac1 Bc5
22. Nb4 Rcd8 23. Nd5 Bxd5 24. exd5 Rfe8 25. Rce1 Qd7 26. Qc4 Nxd5 27. Qxd3 Qe6
28. Bxd5 Rxd5 29. Qc2 Red8 30. Nb3 Qf6 31. c4 Rd3 32. Nxc5 bxc5 33. Re2 h5 34.
h4 R8d4 35. Rfe1 Qg6 36. Kh2 f6 37. Re3 e4 38. Rxd3 exd3 39. Qd2 Qf5 40. Re3
Rxc4 41. Rxd3 Rxa4 42. Rd8+ Kh7 43. Rd5 Qg6 44. Qe2 Rg4 45. Rxc5 f5 46. Rc6 Qf7
47. Qc2 Re4 48. Rc5 Qe6 49. Qd3 Qe7 50. Qd5 g6 51. Rc6 Re2 52. Qc5 Qxc5 53. Rxc5
Rxf2+ 54. Kg1 Rb2 55. Rc7+ Kh6 56. Rxa7 Rxb5 57. Kg2 Rb2+ 58. Kf3 Rb3+ 59. Kg2
Rd3 60. Kf2 Rd6 61. Ra5 Kg7 62. Rb5 Kf6 63. Ra5 Re6 64. Kf3 Re5 65. Ra6+ Kf7 66.
Ra7+ Re7 67. Ra6 Re6 68. Ra7+ Kf6 69. Ra5 Rb6 70. Rc5 Ke6 71. Ra5 Rd6 72. Rb5
Rd3+ 73. Kf2 Rd6 74. Ra5 Rb6 75. Rc5 Rb2+ 76. Kf3 Rb3+ 77. Kf2 Kd6 78. Ra5 Rc3
79. Ra6+ Rc6 80. Ra5 Ke6 81. Kf3 Kf6 82. Kf2 g5 83. hxg5+ Kxg5 84. Kg2 Rc4 85.
Kh3 Rc3 86. Kg2 Re3 87. Ra8 Re2+ 88. Kf3 Rb2 89. Rg8+ Kf6 90. Rf8+ Kg6 91. Rg8+
Kf7 92. Rh8 Rb3+ 93. Kf2 Kg6 94. Rg8+ Kh7 95. Rf8 Rb5 96. Rf6 Kg7 97. Ra6 Rb4
98. Kf3 Rg4 99. Ra5 Kg6 100. Ra6+ Kg5 101. Ra8 Rb4 102. Rg8+ Kh6 103. Rh8+ Kg6
104. Rg8+ Kh7 105. Rf8 Rb5 106. Rf6 Kg7 107. Ra6 Rb4 108. Rc6 Rg4 109. Ra6 Re4
110. Rb6 Rg4 111. Ra6 Rg6 112. Ra5 Rf6 113. Kf4 Kg6 114. Ra8 Rf7 115. Ra6+ Rf6
116. Ra8 Rf7 117. Ra6+ Rf6 1/2-1/2

[Event "Mondiale Lampo FIDE 2019"]
[Site "Mosca"]
[Date "29.12.2019"]
[Round "7.63"]
[White "Zubov, Alexander"]
[Black "Iljiushenok, Ilia"]
[Result "1-0"]
[WhiteTitle "GM"]
[BlackTitle "GM"]
[WhiteElo "2601"]
[BlackElo "2521"]
[WhiteFideId "14109409"]
[BlackFideId "24105074"]
[EventDate "2019.12.29"]

1. d4 Nf6 2. Nf3 g6 3. Nbd2 c5 4. dxc5 Qa5 5. c3 Qxc5 6. e4 d6 7. Bd3 Bg7 8. O-O
O-O 9. h3 a6 10. a4 b6 11. Re1 Nbd7 12. a5 b5 13. c4 bxc4 14. Nxc4 Bb7 15. b4
Qc7 16. Bb2 Bc6 17. e5 dxe5 18. Nfxe5 Nxe5 19. Nxe5 Bd5 20. Bf1 Qb7 21. Ng4 Rfd8
22. Nxf6+ Bxf6 23. Bxf6 exf6 24. Qg4 Rab8 25. Qf4 f5 26. Red1 Be4 27. f3 Bc6 28.
Rac1 Bb5 29. Bxb5 Qxb5 30. Rxd8+ Rxd8 31. Qc4 Rd1+ 32. Kf2 Qxc4 33. Rxc4 Rb1 34.
Ke3 Kg7 35. Kd4 Kf6 36. Kc5 Rb2 37. Kb6 Rxg2 38. Kxa6 Rh2 39. b5 1-0

[Event "Mondiale Lampo FIDE 2019"]
[Site "Mosca"]
[Date "29.12.2019"]
[Round "7.64"]
[White "Vokhidov, Shamsiddin"]
[Black "Korobov, Anton"]
[Result "0-1"]
[WhiteTitle "IM"]
[BlackTitle "GM"]
[WhiteElo "2526"]
[BlackElo "2668"]
[WhiteFideId "14204223"]
[BlackFideId "14105730"]
[EventDate "2019.12.29"]

1. e4 c5 2. Nf3 d6 3. Nc3 Nf6 4. d4 cxd4 5. Nxd4 a6 6. h3 Nc6 7. g4 Qb6 8. Nb3
e6 9. g5 Nd7 10. h4 Qc7 11. a4 b6 12. Rg1 Bb7 13. h5 g6 14. Be3 Nc5 15. Qd2 Ne5
16. Be2 Nxe4 17. Nxe4 Bxe4 18. Bd4 Qxc2 19. Qe3 Bd5 20. Nd2 Rg8 21. hxg6 hxg6
22. f4 Nc6 23. Bxb6 Bg7 24. Kf2 Rh8 25. Rac1 Qxb2 26. Rb1 Qxb6 27. Rxb6 Bd4 28.
Bf3 Rh2+ 29. Kg3 Bxe3 30. Bxd5 exd5 31. Re1 Rxd2 32. Rxe3+ Kd7 33. Rb7+ Kd8 34.
Rxf7 Ra7 35. Rf8+ Kc7 36. a5 Nxa5 37. Re7+ Kb6 38. Re6 Nc4 39. Rxg6 a5 40. Rh6
a4 41. Rh1 a3 42. g6 a2 43. f5 a1=Q 44. Rb8+ Kc7 45. Rxa1 Rxa1 0-1

[Event "Mondiale Lampo FIDE 2019"]
[Site "Mosca"]
[Date "29.12.2019"]
[Round "7.65"]
[White "Drygalov, Sergey"]
[Black "Meier, Georg"]
[Result "1-0"]
[WhiteTitle "IM"]
[BlackTitle "GM"]
[WhiteElo "2473"]
[BlackElo "2626"]
[WhiteFideId "24171743"]
[BlackFideId "4675789"]
[EventDate "2019.12.29"]

1. d4 e6 2. Nf3 Nf6 3. c4 d5 4. Nc3 Be7 5. Bf4 O-O 6. a3 dxc4 7. e3 Nd5 8. Bxc4
Nxf4 9. exf4 Bf6 10. Qd2 b6 11. O-O Bb7 12. Ne5 Bxe5 13. fxe5 Nc6 14. Rad1 Qh4
15. Qe3 Ne7 16. Ne2 Rfd8 17. Qf4 Qxf4 18. Nxf4 Bd5 19. Rc1 Bxc4 20. Rxc4 Rd7 21.
Rfc1 c6 22. Ne2 Rad8 23. g4 h6 24. Kg2 Kf8 25. h4 f5 26. f3 Kf7 27. h5 Rd5 28.
gxf5 Nxf5 29. Rxc6 Nxd4 30. Rc7+ Kf8 31. Nxd4 Rxd4 32. Rxa7 R8d7 1-0

[Event "Mondiale Lampo FIDE 2019"]
[Site "Mosca"]
[Date "29.12.2019"]
[Round "7.66"]
[White "Melkumyan, Hrant"]
[Black "Gasanov, Eldar"]
[Result "0-1"]
[WhiteTitle "GM"]
[BlackTitle "GM"]
[WhiteElo "2668"]
[BlackElo "2481"]
[WhiteFideId "13302485"]
[BlackFideId "14104466"]
[EventDate "2019.12.29"]

1. d4 Nf6 2. c4 e6 3. Nc3 Bb4 4. f3 d5 5. a3 Bd6 6. e4 c5 7. dxc5 Bxc5 8. cxd5
exd5 9. Nxd5 Nxd5 10. Qxd5 Qb6 11. Qe5+ Be6 12. Bc4 Bxg1 13. Bxe6 fxe6 14. Qxg7
Qf2+ 15. Kd1 Qd4+ 16. Qxd4 Bxd4 17. Ke2 Nc6 18. Be3 Rg8 19. g4 O-O-O 20. Rac1
Bxb2 21. Rc4 Bd4 22. Bd2 e5 23. Rb1 Rgf8 24. h4 Rf7 25. Bg5 Rdf8 26. Rb3 Bb6 27.
Be3 Rxf3 28. Bc5 Rxb3 29. Bxf8 Rg3 30. g5 Rg4 31. Bg7 Kd7 32. Bf6 Rxh4 33. Kf3
Nd4+ 34. Kg3 Rh5 35. Kg4 Rh1 36. Bxe5 Nc6 37. Bf6 Bc7 38. Rc5 Bd6 39. Rb5 b6 40.
e5 Bxa3 41. Rb3 Bc5 42. Kf5 Nd4+ 0-1

[Event "Mondiale Lampo FIDE 2019"]
[Site "Mosca"]
[Date "29.12.2019"]
[Round "7.67"]
[White "Sek, Konstantin"]
[Black "Afanasiev, Nikita"]
[Result "1-0"]
[BlackTitle "IM"]
[WhiteElo "2446"]
[BlackElo "2517"]
[WhiteFideId "24104302"]
[BlackFideId "24183555"]
[EventDate "2019.12.29"]

1. e4 d6 2. d4 Nf6 3. Nc3 e5 4. Nge2 c6 5. a4 Be7 6. g3 O-O 7. Bg2 b6 8. O-O a6
9. f4 Re8 10. h3 Bb7 11. dxe5 dxe5 12. fxe5 Qxd1 13. Rxd1 Nfd7 14. Bf4 a5 15. h4
Bf8 16. e6 Rxe6 17. Bh3 Bc5+ 18. Kh2 Nf8 19. Rd8 Na6 20. Rxa8 Bxa8 21. Bxe6 Nxe6
22. Rd1 Bb4 23. Rd7 Nac5 24. Ra7 Bb7 25. Be3 f6 26. Nf4 Kf8 27. Nxe6+ 1-0

[Event "Mondiale Lampo FIDE 2019"]
[Site "Mosca"]
[Date "29.12.2019"]
[Round "7.68"]
[White "Sasikiran, Krishnan"]
[Black "Gajewski, Grzegorz"]
[Result "0-1"]
[WhiteTitle "GM"]
[BlackTitle "GM"]
[WhiteElo "2656"]
[BlackElo "2626"]
[WhiteFideId "5004985"]
[BlackFideId "1116207"]
[EventDate "2019.12.29"]

1. e4 c5 2. Nf3 e6 3. g3 Nc6 4. Bg2 Nf6 5. d3 d5 6. Nbd2 Be7 7. O-O O-O 8. Re1
b6 9. e5 Nd7 10. Nf1 Ba6 11. h4 Qc7 12. Bf4 Rfc8 13. Ne3 d4 14. Ng4 c4 15. dxc4
Bxc4 16. Nxd4 Nxd4 17. Qxd4 Bc5 18. Qd2 Rab8 19. Rad1 Nf8 20. Nf6+ gxf6 21. exf6
Qd8 22. Qc3 Bd5 23. Qe5 Ng6 24. Qg5 h6 25. Qg4 h5 26. Qg5 Bxf2+ 27. Kxf2 Rxc2+
28. Re2 Rxe2+ 29. Kxe2 Rc8 30. Qh6 Qxf6 31. Bxd5 exd5 32. Rxd5 Qe6+ 0-1

[Event "Mondiale Lampo FIDE 2019"]
[Site "Mosca"]
[Date "29.12.2019"]
[Round "7.69"]
[White "Perunovic, Milos"]
[Black "Harsha, Bharathakoti"]
[Result "1-0"]
[WhiteTitle "GM"]
[BlackTitle "GM"]
[WhiteElo "2589"]
[BlackElo "2523"]
[WhiteFideId "921629"]
[BlackFideId "5078776"]
[EventDate "2019.12.29"]

1. e4 d6 2. d4 Nf6 3. Nc3 g6 4. Bg5 c6 5. Qd2 Nbd7 6. f4 d5 7. e5 Ne4 8. Nxe4
dxe4 9. e6 fxe6 10. O-O-O Nf6 11. Ne2 Bg7 12. Ng3 O-O 13. Bc4 b5 14. Bb3 a5 15.
a3 e3 16. Qxe3 Nd5 17. Qd2 h6 18. Bh4 Nxf4 19. Ne4 Qxd4 20. Qxd4 Bxd4 21. Bxe7
Rf7 22. Bd6 Be3+ 23. Kb1 Nxg2 24. Be5 Ba6 25. Bxe6 Kf8 26. Bxf7 Kxf7 27. Bd4 b4
28. axb4 axb4 29. Bxe3 Nxe3 30. Rd6 b3 31. cxb3 Nd5 32. Nc5 Bb5 33. Re1 Kg7 34.
Ree6 Rf8 35. Rxg6+ Kh7 36. Rxh6+ Kg8 37. Rdg6+ Kf7 38. Rg1 Ke7 39. Re1+ Kf7 40.
Kc1 Ra8 41. Kd2 Kg7 42. Rd6 Rh8 43. Rg1+ Kf7 44. Rg2 Rh3 45. Rf2+ Ke7 46. Re6+
Kd8 47. Rg6 Kc7 48. Rg3 Rh5 49. Ne6+ Kb6 50. Nd4 Ba6 51. Rg6 Bb7 52. Nf5 Rh3 53.
Rg3 Rh5 54. Ne3 Nb4 55. Nc4+ Kc5 56. Rgf3 Nd5 57. Rf5 Rh3 58. R5f3 Rh4 59. Ne3
Rd4+ 60. Kc1 Nb4 61. Rf5+ Kb6 62. Nc4+ Ka7 63. Rd2 Rg4 64. Rf7 Ka6 65. Rdd7 Rg1+
66. Kd2 Rg2+ 67. Kc3 Nd5+ 68. Kd4 Ba8 69. Kc5 1-0

[Event "Mondiale Lampo FIDE 2019"]
[Site "Mosca"]
[Date "29.12.2019"]
[Round "7.71"]
[White "Jumabayev, Rinat"]
[Black "Vavulin, Maxim"]
[Result "0-1"]
[WhiteTitle "GM"]
[BlackTitle "GM"]
[WhiteElo "2646"]
[BlackElo "2556"]
[WhiteFideId "13702661"]
[BlackFideId "4169530"]
[EventDate "2019.12.29"]

1. Nf3 g6 2. g3 Bg7 3. d4 d6 4. c4 Nd7 5. Bg2 e5 6. Nc3 Ne7 7. dxe5 dxe5 8. O-O
O-O 9. Qc2 c6 10. Rd1 Qc7 11. e4 Nc5 12. Be3 Ne6 13. c5 f5 14. Ne2 Kh8 15. Rd6
b6 16. b4 f4 17. Bd2 a5 18. gxf4 exf4 19. Bc3 axb4 20. Bxg7+ Nxg7 21. Rad1 bxc5
22. Qxc5 Rxa2 23. Ned4 Ra5 24. Qxb4 c5 25. Qc3 Bg4 26. Nb3 Rb5 27. e5 c4 28.
Nbd4 Rc5 29. h3 Bc8 30. Qb4 c3 31. Nb5 Rc4 32. Nxc7 Rxb4 33. Rc1 Rc4 34. Nb5 c2
35. Na3 Rc3 36. Nxc2 Bf5 37. Nfd4 Bxh3 38. Bxh3 Rxh3 39. Ne1 Rh5 40. Nef3 Ngf5
41. Ne6 Re8 42. Rd7 Ng8 43. Rcc7 Rxe6 44. Rc8 Ne7 45. Re8 Rhxe5 46. Nxe5 Rxe5
47. Kg2 Kg7 48. Kf3 g5 49. Ra7 Kf7 50. Rb8 Nh6 51. Rh8 Kg7 52. Re8 Nf5 53. Rb8
Kg6 54. Rb6+ Kf7 55. Kg4 h6 56. Rba6 Re2 57. Kf3 Nd4+ 58. Kg2 Re6 59. Ra4 Nc6
60. Rc7 Kg6 61. Ra6 Kf5 62. Rb7 g4 63. Rb5+ Re5 64. Rbb6 Rc5 65. Ra4 Rc2 66.
Rb5+ Ne5 67. Rbb4 N7g6 0-1

[Event "Mondiale Lampo FIDE 2019"]
[Site "Mosca"]
[Date "29.12.2019"]
[Round "7.72"]
[White "Hansen, Eric"]
[Black "Kim, Alexey"]
[Result "1-0"]
[WhiteTitle "GM"]
[BlackTitle "GM"]
[WhiteElo "2606"]
[BlackElo "2464"]
[WhiteFideId "2606771"]
[BlackFideId "4129776"]
[EventDate "2019.12.29"]

1. e4 e6 2. d4 b6 3. Bd3 Bb7 4. Nf3 g6 5. O-O Bg7 6. Re1 Ne7 7. a4 a6 8. Nbd2
O-O 9. c3 f5 10. b3 Qc8 11. Ba3 Re8 12. exf5 Nxf5 13. h4 Nc6 14. h5 Qd8 15. hxg6
hxg6 16. Ne4 Nce7 17. Qd2 Nd5 18. Ne5 Bxe5 19. dxe5 Qh4 20. g3 Qh3 21. Bf1 Qg4
22. Qxd5 Bxd5 23. Nf6+ Kf7 24. Nxg4 Rh8 25. Bg2 1-0

[Event "Mondiale Lampo FIDE 2019"]
[Site "Mosca"]
[Date "29.12.2019"]
[Round "7.73"]
[White "Yilmaz, Mustafa"]
[Black "Donchenko, Alexander"]
[Result "0-1"]
[WhiteTitle "GM"]
[BlackTitle "GM"]
[WhiteElo "2604"]
[BlackElo "2644"]
[WhiteFideId "6302718"]
[BlackFideId "24603295"]
[EventDate "2019.12.29"]

1. d4 Nf6 2. c4 e6 3. Nf3 c5 4. d5 d6 5. Nc3 exd5 6. cxd5 g6 7. Bf4 Bg7 8. Qa4+
Bd7 9. Qb3 b5 10. Bxd6 Qb6 11. Be5 O-O 12. e3 c4 13. Qd1 b4 14. Nb1 Rc8 15. Be2
Qa5 16. O-O Qxd5 17. Qxd5 Nxd5 18. Bxg7 Kxg7 19. Rc1 c3 20. bxc3 bxc3 21. Nd4
Nc6 22. Nxc6 Rxc6 23. Bf3 Be6 24. Nxc3 Rac8 25. Ne2 Rxc1+ 26. Rxc1 Rxc1+ 27.
Nxc1 Nc3 28. a3 Bc4 29. Bc6 a5 30. f4 a4 31. Kf2 f5 32. Ke1 Bb5 33. Bxb5 Nxb5
34. Kd2 Nxa3 35. Kc3 Nb5+ 36. Kb4 Nc7 37. Kc5 Kf6 38. Na2 Ke6 39. Nc3 a3 40. Kc6
Nd5 41. Na2 Nxe3 42. Kc5 Nxg2 43. Kb4 Nxf4 44. Kxa3 Nd5 45. Kb3 Ke5 46. Kc2 Ke4
47. Kd2 f4 48. Ke2 f3+ 49. Kf2 g5 50. Nc1 Nf4 51. Nb3 Nd3+ 52. Kf1 h5 53. Nd2+
Ke3 54. Nc4+ Kf4 55. Nd2 g4 56. Nb3 h4 57. Nd4 g3 58. hxg3+ hxg3 59. Kg1 Ne5 60.
Kf1 Nc4 61. Ne6+ 0-1